SISTEMA DE BIBLIOTECAS
Carmen Mendoza De Cornielle

Ciencias Sociales en la República Dominicana : (Registro nro. 7707)

Detalles MARC
000 -CABECERA
campo de control de longitud fija 02099cam a2200289 i 4500
001 - NÚMERO DE CONTROL
campo de control 7707
003 - IDENTIFICADOR DEL NÚMERO DE CONTROL
campo de control DO-SdUEMH
005 - FECHA Y HORA DE LA ÚLTIMA TRANSACCIÓN
campo de control 20260102210539.0
007 - CAMPO FIJO DE DESCRIPCIÓN FÍSICA--INFORMACIÓN GENERAL
campo de control de longitud fija ta
008 - DATOS DE LONGITUD FIJA--INFORMACIÓN GENERAL
campo de control de longitud fija 211106s1989 dr gr 000 0 spa d
040 ## - FUENTE DE LA CATALOGACIÓN
Centro catalogador/agencia de origen DO-SdUEMH
Lengua de catalogación spa
Normas de descripción rda
041 ## - CÓDIGO DE LENGUA
Código de lengua del texto/banda sonora o título independiente spa
082 14 - NÚMERO DE LA CLASIFICACIÓN DECIMAL DEWEY
Colección Colección Dominicana
Número de documento/Ítem L925c
100 ## - ENTRADA PRINCIPAL--NOMBRE DE PERSONA
Nombre de persona Lozano, Wilfredo[Et...al]
Término indicativo de función/relación autor
245 10 - MENCIÓN DE TÍTULO
Título Ciencias Sociales en la República Dominicana :
Resto del título Sociología, Demografía, Economía : Evolución y Bibliografía /
Mención de responsabilidad, etc. Wilfredo Lozano, Nelson Ramírez, Bernardo Vega
260 ## - PUBLICACIÓN, DISTRIBUCIÓN, ETC.
Place of publication, distribution, etc. República Dominicana Fundación Friedrich Ebert,1989.
264 01 - PRODUCCIÓN, PUBLICACIÓN, DISTRIBUCIÓN, FABRICACIÓN Y COPYRIGHT
Lugar de producción, publicación, distribución, fabricación Santo Domingo, República Dominicana :
Nombre del de productor, editor, distribuidor, fabricante Fundación Friedrich Ebert,
Fecha de producción, publicación, distribución, fabricación o copyright 1889
264 01 - PRODUCCIÓN, PUBLICACIÓN, DISTRIBUCIÓN, FABRICACIÓN Y COPYRIGHT
Fecha de producción, publicación, distribución, fabricación o copyright ©1889
300 ## - DESCRIPCIÓN FÍSICA
Extensión 286 páginas :
Otras características físicas ilustraciones ;
Dimensiones 22 cm.
336 ## - TIPO DE CONTENIDO
Fuente rdacontent
Término de tipo de contenido texto
Código de tipo de contenido txt
337 ## - TIPO DE MEDIO
Fuente rdamedia
Nombre del tipo de medio sin mediación
Código del tipo de medio n
338 ## - TIPO DE SOPORTE
Fuente rdacarrier
Nombre del tipo de soporte volumen
Código del tipo de soporte nc
505 2# - NOTA DE CONTENIDO CON FORMATO
Nota de contenido con formato La sociología dominicana: una evaluación / Wilfredo Lozano, en colaboración con Ivette Sabbagh: El desarrollo de la sociología en República Dominicana -- Los grandes paradigmas de la teoría social en República Dominicana -- Las grandes problemáticas de investigación sociológica en República Dominicana -- El marco institucional de a sociología dominicana en la actualidad -- Sociólogos y sociedad: un perfil -- La demografía en la República Dominicana: una evaluación / Nelson, en colaboración con Marisela Duval: El marco sociopolítico e institucional de la demografía en República Dominicana -- Antecedentes y evolución reciente de la investigación en población en el país -- Situación de los recursos humanos en demografía -- La carrera de economista en la República Dominicana / Bernardo Vega, en colaboración con Maritza Amalia Guerrero y Milady Santana: Los primeros economistas -- La era de Trujillo -- Los primeros años de libertad (1962-65) -- La enseñanza de la economía en las universidades dominicana -- La investigación -- Ocupaciones de los economistas en la República Dominicana -- Anexos.
650 ## - PUNTO DE ACCESO ADICIONAL DE MATERIA--TÉRMINO DE MATERIA
Término de materia o nombre geográfico como elemento de entrada ECONOMÍA
942 ## - ELEMENTOS DE PUNTO DE ACCESO ADICIONAL (KOHA)
Código de la institución [OBSOLETO] BK
Fuente del sistema de clasificación o colocación Dewey Decimal Classification
Tipo de ítem Koha Libro
Suprimir en OPAC No
Existencias
Estado de retiro Estado de pérdida Estado dañado Disponibilidad para préstamo Localización permanente Ubicación/localización actual Fecha de adquisición Total de préstamos Código de barras Fecha visto por última vez Precio válido a partir de Tipo de ítem Koha Fuente del sistema de clasificación o colocación Código de colección Ubicación en estantería Fuente de adquisición Signatura topográfica completa Número de copia
      Disponible para préstamo UFHEC PRINCIPAL UFHEC PRINCIPAL 11/05/2021   UFHECPRINC3560 11/05/2021 11/05/2021 Libro            
      Disponible para préstamo UNIREMHOS SEDE UNIREMHOS SEDE 01/02/2026   1500016 01/02/2026 01/02/2026 Libro Dewey Decimal Classification Colección Dominicana Colección Dominicana Donación RD ej.1
UNIREMHOS

Av. Abraham Lincoln no. 126, casi esq. José Contreras,
Santo Domingo, República Dominicana

Correo: info@uniremhos.edu.do

Tel.: (809) 532-3739

Horario: Lunes a Viernes: 8:00 am - 6:00 pm | Sábados: 8:00 am - 12:00 m

📍 Ubicación
UNEFA

Av. 27 de Febrero no. 52, El Vergel,
Santo Domingo, República Dominicana

Tel.: (809) 530-0224

📍 Ubicación
UFHEC

Av. Máximo Gómez esq. César Nicolás Penson, La Esperilla,
Santo Domingo, República Dominicana

Tel.: (809) 537-6000

📍 Ubicación